One Punch Man - Enemies de Saitama - Statistiques

Statistiques générales
  • Ce quiz a été pris 29 fois
  • Le résultat moyen est 7 sur 23
Statistiques - réponses
Par images Réponse % Correct
Boros
83%
Roi des profondeurs
52%
Scaravageur
52%
Vaccine-man
52%
Bakuzan
39%
Carniplante
39%
Grande Scolopendre Patriarche
39%
Mousmétique
39%
Mutant
39%
Crabotaure
35%
Psychopoulpe
35%
Roi des fauves
35%
Mante le Joli
26%
Dragotaupe
22%
Roi des Enfers/Porcophélès
22%
Roi des monstroterres
17%
Maous
13%
Messager des profondeurs
9%
Phénix Réincarné
9%
Tuningosaurus YO6492Z mark II
9%
Oiseau géant
4%
Homme-pieuvre avec des griffes
0%
Mineurs monstrueux
0%
Aucun quiz correspondant
Distribution des résultats
% des personnes avec chaque résultat
Percentile par nombre de réponses
Votre historique - résultats
Vous n’avez pas pris ce quiz